Vienna City Trivia - Statistics

General Stats
  • This quiz has been taken 130 times
  • The average score is 10 of 15
Answer Stats
Question Answer % Correct
What river has Vienna been built along? Danube
98%
What is the German name for Vienna? Wien
97%
What was the name of the founder of psychoanalysis, born in Vienna in 1856? Sigmund Freud
87%
What is the closest national capital to Vienna? Bratislava
85%
What was the dynasty, residing in Vienna, that ruled the empire above? Habsburg
76%
What is the most common religion in Vienna? Catholicism
75%
What meat product has been named after Vienna? Wiener schnitzel
72%
What label, brought by famous composers, has Vienna got for its legacy? City of {Music}
68%
The armies of what country were stopped twice (in 1529 and 1683) by Christian forces outside Vienna? Ottoman Empire
66%
What empire was Vienna the capital of until 1918? Austria-Hungary
60%
What killed almost a third of Vienna's population in 1679? Plague
57%
What was the name of both the father and the son, both of which were famous composers from Vienna? Johann Strauss
49%
What was the name of the event held in Vienna in 1814-1815, the goal of which was to settle issues after Napoleonic wars? Congress of Vienna
34%
What is the name of the world's oldest zoo, located in Vienna? Tiergarten Schönbrunn
25%
What is the largest foreign nationality group in Vienna? Serbians
16%
No matching quizzes found
Score Distribution
Percent of People with Each Score
Percentile by Number Answered
Your Score History
You have not taken this quiz